Study on adaptability of tomato varieties for heat tolerance in dry season; ការសិក្សាពីភាពបន្សាំរបស់ពូជដំណាំប៉េងប៉ោះដែលធននឹងកំដៅក្នុងរដូវប្រាំង (Record no. 7651)

000 -LEADER
fixed length control field 00661nam a22001577a 4500
003 - CONTROL NUMBER IDENTIFIER
control field OSt
005 - DATE AND TIME OF LATEST TRANSACTION
control field 20160317101339.0
008 - FIXED-LENGTH DATA ELEMENTS--GENERAL INFORMATION
fixed length control field 160317b xxu||||| |||| 00| 0 eng d
040 ## - CATALOGING SOURCE
Transcribing agency RUA
082 ## - DEWEY DECIMAL CLASSIFICATION NUMBER
Classification number AGR SOEU 2004 b470 Or.1
100 ## - MAIN ENTRY--PERSONAL NAME
9 (RLIN) 8053
Personal name SOEU TEVY; ស៊ឺ ទេវី
245 ## - TITLE STATEMENT
Title Study on adaptability of tomato varieties for heat tolerance in dry season; ការសិក្សាពីភាពបន្សាំរបស់ពូជដំណាំប៉េងប៉ោះដែលធននឹងកំដៅក្នុងរដូវប្រាំង
260 ## - PUBLICATION, DISTRIBUTION, ETC. (IMPRINT)
Place of publication, distribution, etc. Phnom Penh
Name of publisher, distributor, etc. RUA
Date of publication, distribution, etc. 2004
300 ## - PHYSICAL DESCRIPTION
Extent xi;45p.
Other physical details ill.
Dimensions 29cm.
942 ## - ADDED ENTRY ELEMENTS (KOHA)
Source of classification or shelving scheme
Koha item type AGR
Holdings
Price effective from Date last seen Permanent Location Not for loan Date acquired Source of classification or shelving scheme Koha item type Lost status Withdrawn status Date last checked out Total Checkouts Shelving location Damaged status Barcode Current Location Full call number
2016-03-172019-10-01Library Block B 2016-03-17 AGR  2019-08-103B470 RUA057803Library Block BAGR SOEU 2004 b470 Or.1
មជ្ឈមណ្ឌលឯការនៃសាកលវិទ្យាល័យភូមិន្ទកសិកម្មចំការដូង

Powered by Koha